| 000 | 00506 a2200181 4500 | ||
|---|---|---|---|
| 020 | _a0470804033 | ||
| 040 |
_aDLC _bDLC |
||
| 082 | _a658.3 | ||
| 100 | 1 | _aStone, Raymond J. | |
| 245 | 1 | 0 |
_aHuman resource management _cRaymond J. Stone. |
| 250 | _a4th ed. | ||
| 260 |
_aMilton, Qld. : _bJohn Wiley & Sons Australia, _c2002 |
||
| 300 |
_a868 p. : _bill. ; _c25 cm. |
||
| 500 | _aIncludes index. | ||
| 500 | _aPrevious ed.: 2002. | ||
| 650 | 0 |
_aPersonnel management _zAustralia. |
|
| 942 |
_cBK _k658.3 STO _2ddc |
||
| 999 |
_c8536 _d8536 |
||